书目信息 |
| 题名: |
水处理与膜分离技术问答
|
|
| 作者: | 刘红斌 , 邢国平 , 程方 主编 | |
| 分册: | ||
| 出版信息: | 北京 化学工业出版社 2012.11 |
|
| 页数: | 266页 | |
| 开本: | 24cm | |
| 丛书名: | ||
| 单 册: | ||
| 中图分类: | TQ028.8-44 , TU991.2-44 | |
| 科图分类: | ||
| 主题词: | 膜--分离--化工过程--问题解答 , 水处理--问题解答 | |
| 电子资源: | ||
| ISBN: | 978-7-122-14653-3 | |
| 000 | 01285nam0 2200289 45 | |
| 001 | 1355432827 | |
| 005 | 20130513151324.90 | |
| 010 | @a978-7-122-14653-3@dCNY68.00 | |
| 100 | @a20130108d2012 em y0chiy0121 ea | |
| 101 | 0 | @achi |
| 102 | @aCN@b110000 | |
| 105 | @aak a 000yy | |
| 106 | @ar | |
| 200 | 1 | @a水处理与膜分离技术问答@AShui Chu Li Yu Mo Fen Li Ji Shu Wen Da@f程方, 邢国平, 刘红斌等主编@FCheng Fang , Xing Guo Ping , Liu Hong Bin Deng Zhu Bian |
| 210 | @a北京@c化学工业出版社@d2012.11 | |
| 215 | @a266页@c图@d24cm | |
| 320 | @a有书目 (第264-266页) | |
| 330 | @a本书以问答的形式介绍了水处理及膜分离技术的相关知识、工艺单元的设计方法和实际应用经验。全书共分7章, 内容包括: 水和膜的基础知识、给水处理、污水处理、微滤和超滤、反渗透、深度脱盐处理及膜分离技术在水处理中的工程应用实例。书中阐述了近年来水处理和膜分离技术涌现的新工艺和新设备, 引用了国内水处理方面的最新标准规范, 重点介绍了工艺设计与系统运行问题。本书内容丰富, 实用性强。 | |
| 606 | 0 | @a膜@x分离@x化工过程@j问题解答 |
| 606 | 0 | @a水处理@j问题解答 |
| 690 | @aTQ028.8-44@v5 | |
| 690 | @aTU991.2-44@v5 | |
| 701 | 0 | @a刘红斌@ALiu Hong Bin@4主编 |
| 701 | 0 | @a邢国平@AXing Guo Ping@4主编 |
| 701 | 0 | @a程方@ACheng Fang@4主编 |
| 801 | @aCN@bTANGWEI@c20130111 | |
| 905 | @b0831340-42@dTQ028.8-44@e204@f3 | |
| 水处理与膜分离技术问答/程方, 邢国平, 刘红斌等主编.-北京:化学工业出版社,2012.11 |
| 266页:图;24cm |
| ISBN 978-7-122-14653-3:CNY68.00 |
| 本书以问答的形式介绍了水处理及膜分离技术的相关知识、工艺单元的设计方法和实际应用经验。全书共分7章, 内容包括: 水和膜的基础知识、给水处理、污水处理、微滤和超滤、反渗透、深度脱盐处理及膜分离技术在水处理中的工程应用实例。书中阐述了近年来水处理和膜分离技术涌现的新工艺和新设备, 引用了国内水处理方面的最新标准规范, 重点介绍了工艺设计与系统运行问题。本书内容丰富, 实用性强。 |
| ● |
| 相关链接 |
|
|
|
|
正题名:水处理与膜分离技术问答
索取号:TQ028.8-44/204
 
预约/预借
| 序号 | 登录号 | 条形码 | 馆藏地/架位号 | 状态 | 备注 |
| 1 | 0831340 | 208313403 | 第二样本阅览室/ [索取号:TQ028.8-44/204] | 在馆 | |
| 2 | 0831341 | 208313412 | 密集书库-化学系/ [索取号:TQ028.8-44/204] | 在馆 | |
| 3 | 0831342 | 208313421 | 第三借阅区/ [索取号:TQ028.8-44/204] | 在馆 |